Manuale di Storia del Medioevo (Record no. 28801)

MARC details
000 -LEADER
campo de control de longitud fija 00462nam a2200157 i 4500
001 - NÚMERO DE CONTROL
campo de control 28801
003 - IDENTIFICADOR DE NÚMERO DE CONTROL
campo de control ES-MaACL
005 - FECHA Y HORA DE LA ÚLTIMA TRANSACCIÓN
campo de control 20230906153930.0
007 - CAMPO FIJO DE DESCRIPCIÓN FÍSICA--INFORMACIÓN GENERAL
campo de control de longitud fija t|
008 - DATOS DE LONGITUD FIJA--INFORMACIÓN GENERAL
campo de control de longitud fija 030120s1914 it ||||1| ita d
100 1# - ENTRADA PRINCIPAL--NOMBRE DE PERSONA
Nombre de persona Barbagallo, Corrado.
9 (RLIN) 25377
245 10 - MENCIÓN DEL TÍTULO
Título Manuale di Storia del Medioevo
Resto del título : (dal 476 al 1313) /
Mención de responsabilidad, etc. Corrado Barbagallo.
260 ## - PUBLICACIÓN, DISTRIBUCIÓN, ETC.
Lugar de publicación, distribución, etc. Roma :
Nombre del editor, distribuidor, etc. [s.n.,
Fecha de publicación, distribución, etc. 1914] (
Fabricante Riccardo Garroni)
300 ## - DESCRIPCIÓN FÍSICA
Extensión VII, 208 p. ;
Dimensiones 21 cm.
852 ## - LOCALIZACIÓN
Ubicación ES-MaACL
Número de control de estantería F-11637
Holdings
Estatus retirado Estado de pérdida Estado de daño No para préstamo Biblioteca de origen Biblioteca actual Ubicación en estantería Fecha de adquisición Fuente de adquisición Total de préstamos Signatura topográfica completa Código de barras Visto por última vez Precio de reemplazo Tipo de ítem Koha
        Biblioteca del Ateneo de Madrid Biblioteca del Ateneo de Madrid Sala Pecera Planta 2 17/01/2008     F-11637 1029734 23/02/2023 23/02/2023 Libro impreso